| 000 | 00000nas##2200000za#4500 |
| 001 | 9.501239 |
| 003 | CaOODSP |
| 005 | 20200325122130 |
| 007 | cr ||||||||||| |
| 008 | 150406c2005||||xxc|| m o||||f| |0fre|d |
| 040 | |aCaOODSP|bfre |
| 043 | |an-cn--- |
| 086 | 1 |aMP22-20F-PDF |
| 110 | 1 |aCanada. |bCitoyenneté et immigration Canada. |
| 245 | 10|aLes immigrants récents des régions métropolitaines |h[ressource électronique] |
| 260 | |aOttawa - Ontario : |bCitoyenneté et Immigration Canada |
| 775 | 08|tRecent immigrants in metropolitan areas |w(CaOODSP)9.504836 |
| 776 | 0#|tNouveaux immigrants des régions métropolitaines |w(CaOODSP)9.513144 |